00934 2200313 4500001002100000005001500021035002000036007000300056008004100059020002200100082001500122084001700137100003100154245008100185250003500266300004100301650001900342700003000361710002700391264002800418336002100446337003000467338002300497040002200520090002200542850001200564999002200576990002200598INLIS00000000086424220210827011900 a0010-0821000941ta210827s2007 yoia e ind d a978-979-9998-01-904223a649.65 a649.65 REI s1 aReid, Daniel P.ePengarang1 aSex tao /cDaniel P. Reid; penerjemah, Bima Brahmana; penyunting, Tim Quills aCetakan pertama, Desember 2020 aviii, 284 halaman :bgambar ;c23 cm 4aPendidikan sex0 aBima BrahmanaePenerjemah2 aTim QuillsePenyunting31aSleman :bQuills,c2007 2rdacontentateks 2rdamediaatanpa perantara 2rdacarrieravolume aYOPDYOGbinderda aCB-D.11 2007-1648 aYOPDYOG aCB-D.11/2007-1648 aCB-D.11/2007-1648